El regadío ; redes, teoría, técnica y economía de los riegos

Na minha lista:
Detalhes bibliográficos
Autor principal: Poirée, Maurice
Outros Autores: Ollier, Charles
Formato: Livro
Idioma:espanhol
Publicado em: Barcelona Editores Técnicos Asociados 1965
Assuntos:
Tags: Adicionar Tag
Sem tags, seja o primeiro a adicionar uma tag!

MARC

LEADER 00000nam a22000005a 4500
003 CL-ChBUA
005 20120815091707.0
008 100609s1965 sp ||||| |||| 000 ||spa
040 |a CL-ChBUA  |c CL-ChBUA 
082 0 0 |a 631.6 
090 |c 27628  |d 27628 
100 1 |a Poirée, Maurice 
245 1 0 |a El regadío ;  |b redes, teoría, técnica y economía de los riegos 
260 |a Barcelona  |b Editores Técnicos Asociados  |c 1965 
300 |a 346 p.  |c 25 cm. 
504 |a índice, il. 
650 4 |a RIEGO 
700 1 |a Ollier, Charles 
942 |c LIB 
952 |0 0  |1 0  |4 0  |7 0  |9 64809  |a UNACH  |b UNACH  |c 600  |d 2010-06-09  |i 46.369  |l 0  |o 631.6 / P 753  |p 65940  |r 2026-02-25 16:51:21  |u 64809  |w 2012-08-08  |y LIB  |k 631.6 / P 753 
999 |c 27628  |d 27628